| 000 | 00553nam a2200169Ia 4500 | ||
|---|---|---|---|
| 008 | 240729s9999 xx 000 0 und d | ||
| 022 | _a2161-4148 | ||
| 245 | 0 | _aInternational Journal of School Social Work | |
| 260 | _aUnited States | ||
| 260 | _bNew Prairie Press at Kansas State University | ||
| 650 | _a Education (General) | ||
| 650 | _a Social pathology. Social and public welfare. Criminology | Education | ||
| 650 | _aSocial Sciences | ||
| 856 | _uhttps://doaj.org/toc/512e70a3ab92489ea0af8b0af9be0801 | ||
| 942 | _2ddc | ||
| 942 | _cDOAJEJ | ||
| 999 |
_c67149 _d67149 |
||
| 945 |
_a1 _bMadushi Gamage _c1 _dMadushi Gamage |
||